| 000 | 00639nam a2200193Ia 4500 | ||
|---|---|---|---|
| 008 | 160319s9999 xx 000 0 und d | ||
| 050 | _bB214e | ||
| 100 | _aBandril, Lolita | ||
| 245 | _aEl Filibusterismo ni Jose Rizal / | ||
| 260 | _bPhoenix Pub. House | ||
| 260 | _c2002 | ||
| 300 | _av, 266 pages: | ||
| 300 | _billustrations : | ||
| 300 | _c25 cm. | ||
| 500 | _aisang makabagong bersyon na nagbibigay diin da iba't= ibang uri ng Pagsasanay at malalim na pagsusuri upang maabot ng bawat mag-aaral. | ||
| 650 | _aEl Filibusterismo -- Study and teaching. | ||
| 650 | _xRizal, Jose, 1861-1896. | ||
| 700 | _aFrancia, Loreto Z. | ||
| 999 |
_c292292 _d292292 |
||